| 000 | 00332cam a22001217a 4500 | ||
|---|---|---|---|
| 008 | 180718b1994 xxu||||| |||| 00| 0 eng d | ||
| 082 | _aQ6 l45 | ||
| 100 | _aPrasad, Lakshman | ||
| 245 |
_aRehabilitation of the physically handicapped _cby Lakshman Prasad |
||
| 260 |
_aDelhi _bKonark _c1994 |
||
| 300 | _a291p. | ||
| 650 | _aHandicapped | ||
| 999 |
_c481593 _d481593 |
||